Journal of the American Planning Association

Na minha lista:
Detalhes bibliográficos
Formato: Periódico
Idioma:inglês
Publicado em: Washington American Planning Association
Tags: Adicionar Tag
Sem tags, seja o primeiro a adicionar uma tag!

MARC

LEADER 00000nas1a22000001 4500
001 s120852
005 20250701092103.4
022 |a 0194-4363 
022 |a 1939-0130 
041 0 |a eng 
044 |a US 
245 1 0 |a Journal of the American Planning Association 
264 1 |a Washington  |b American Planning Association